Bahnhöfe mit Fernverkehr Schweiz - Statistiken

Allgemein
  • Dieses Quiz wurde 161 mal gespielt
  • Das Durchschnittsergebnis liegt bei 60 aus 129
Antwortstatistiken
Linien Bahnhof % Korrekt
IC1, IC6, IC8, IC61, IC81 IR15, IR16, IR17, IR35, IR65, IR66 EC, ICE Bern
91%
IC1, IC2, IC3, IC5, IC8, IC81, IC IR13, IR16, IR35, IR36, IR37, IR46 IR70, IR75 EC, ICE, TGV, RJ Zürich HB
90%
IC3, IC6, IC21, IC51, IC61 IR26, IR27, IR36, IR37 EC, ICE, TGV Basel SBB
88%
IC1, IC5, IR15, IR90, IR95, EC, TGV Lausanne
85%
IC1, IC5, IR13, EC St. Gallen
83%
IC21, IR15, IR26, IR27, IR70, IR75 EC Luzern
82%
IC5, IR16, IR37 Aarau
81%
IC2, IC21, EC Lugano
78%
IC3, IR13, IR35, IR38, ICE Chur
77%
IC5, IC6, IC21, IC61 IR16, IR17, IR26, IR27, IR35 EC, ICE Olten
76%
IC5, IC51, IR65 Biel/Bienne
75%
IC1, IC5, IC8, IC81 IR12, IR36, IR75, EC Zürich Flughafen
75%
IC6, IC8, IR90, IR95, EC Brig
74%
IC6, IC8, IC61, IC81, EC, ICE Thun
74%
IC1, IR15, IR57, IR90, IR95, EC, TGV Genève
73%
IC2, IR46, IR70, IR75, EC Zug
73%
IC2, IC21, IR26, IR46, EC Bellinzona
70%
IR26, IR46 Locarno
70%
IC1, IR12, IR36 Zürich Oerlikon
70%
IC1, IR15 Fribourg
69%
IC5, IR57, IR66 Neuchâtel
69%
IR90, IR95, EC Sion
69%
IC1, IC5, IC8, IC81 IR13, IR75, EC Winterthur
69%
IC5 Solothurn
68%
IC61, IC81, ICE Interlaken Ost
66%
IC6, IC8, IC61, IC81, EC, ICE Spiez
66%
IC6, IC8, IR90, IR95, EC Visp
66%
IC61, IC81, ICE Interlaken West
65%
IC6, IC61, IR27, IR37, EC, ICE Liestal
65%
IC Schaffhausen
65%
IC2, IC21, IR26, IR46, EC Arth-Goldau
64%
IC3, IR13, IR35, EC, ICE, RJ Sargans
63%
IC2, IR26, IR46 Altdorf
61%
IR26, IR46 Airolo
60%
IC8, IC81 Romanshorn
60%
IR16, IR36 Baden
59%
IR90, IR95, EC Montreux
59%
IR13 Buchs
58%
IC3, IR13, IR35, ICE Landquart
58%
IC1, IR15, IR57, IR90, IR95 Genève Aéroport
57%
IR26, IR46 Göschenen
57%
IC1, IR13 Wil
57%
IC51 Delémont
56%
IC8, IC81, IR75 Frauenfeld
56%
IC5, IR13 Rorschach
56%
IR35, IR36 Zürich Altstetten
56%
IR16, IR36 Brugg
55%
EC Chiasso
55%
IR26, IR46 Erstfeld
52%
IR35, IR75 Thalwil
52%
IC8, IC81, IR75 Weinfelden
52%
IR75 Baar
50%
IR90, IR95 Martigny
50%
IR26, IR46 Schwyz
50%
IR13, EC St. Margrethen
49%
IC5, IR57 Yverdon-les-Bains
49%
IR75 Kreuzlingen
48%
IR37 Lenzburg
48%
IR15, IR27 Sursee
48%
IC1, IR13 Uzwil
48%
IR35 Ziegelbrücke
48%
IC1, IR13 Flawil
47%
IC1, IR13 Gossau
47%
IR15, IR57, IR95 Nyon
47%
IC1, IC5, IR90 Renens
47%
IR75 Rotkreuz
47%
IR36 Rheinfelden
45%
IR38 St. Moritz
45%
IR66 La Chaux-de-Fonds
44%
IR35 Pfäffikon
44%
IR90, IR95 Sierre
44%
IR90, IR95 Vevey
43%
IR15, IR27 Zofingen
43%
IR17, IR35 Burgdorf
42%
IC5 Grenchen Süd
42%
IR26, IR46 Flüelen
41%
IC51 Grenchen Nord
41%
IR90, IR95 Aigle
40%
IR13 Altstätten
40%
IR13, IR35 Bad Ragaz
40%
IR27, IR37 Sissach
40%
IR66 Bern Brünnen
39%
IC8, IC81 Amriswil
38%
IR26, IR46 Biasca
38%
IR36 Frick
38%
IR17, IR35 Herzogenbuchsee
38%
IR17, IR35 Langenthal
38%
IC51 Laufen
38%
IR15, IR57, IR95 Morges
38%
IR35 Wädenswil
38%
IC5 Oensingen
36%
IR26, IR46 Brunnen
35%
IR26, IR46 Ambrì-Piotta
34%
IR36 Dietikon
34%
IR15 Romont
34%
IR26, IR46 Faido
33%
IC51 Moutier
32%
IR26, IR46 Cadenazzo
30%
IR66 Kerzers
30%
IR35 Maienfeld
30%
IR15 Palézieux
30%
IR35 Walenstadt
30%
IR95 Leuk
28%
IR13 Heerbrugg
27%
IR66 Ins
27%
IR36 Stein-Säckingen
27%
IR26, IR46 Tenero
27%
IR27 Gelterkinden
26%
IR57 Gland
26%
IR26, IR46 Giubiasco
25%
IR90 St-Maurice
25%
IR26, IR46 Bodio
22%
IR35 Siebnen-Wangen
22%
IR17 Wynigen
22%
TGV Vallorbe
20%
IR38 Samedan
19%
IR35 Unterterzen
19%
IR38 Bergün/Bravuogn
18%
IR26, IR46 Castione-Arbedo
16%
IR38 Thusis
16%
IR26, IR46 Lavorgo
15%
IR66 Les Hauts-Geneveys
15%
IR66 Chambrelien
14%
IR38 Filisur
14%
IR66 Les Geneveys-sur-Coffrane
14%
IR38 Tiefencastel
14%
IR38 Reichenau-Tamins
13%
IR38 Celerina
9%
IR38 Preda
8%
Keine übereinstimmenden Quizze gefunden
Verteilung der Resultate
Anzahl Personen mit jedem Resultat
Perzentil nach korrekt beantworteten Fragen
Ihre Resultats-Entwicklung
Sie haben dieses Quiz noch nicht gespielt